| 000 | 01360nam a2200313 i 4500 | ||
|---|---|---|---|
| 003 | DO-SdBNP | ||
| 005 | 20260429122855.0 | ||
| 007 | ta | ||
| 008 | 091127s1997 dr r 000 0 spa d | ||
| 040 |
_aDO-SdBNP _bspa _cBNPHU _erda |
||
| 041 | _aspa | ||
| 082 | 4 |
_a328.7293 _bS612a 1997 _222 |
|
| 111 | 2 |
_a Simposio acerca del Concepto de Legislatura en la Constitución Dominicana (1990 : Palacio del Congreso Nacional, Santo Domingo, Dominican Republic) _d(1990 : _cSanto Domingo) _931133 |
|
| 245 | 1 | 0 |
_aActas del Simposio acerca de : _bConcepto de Legislatura en la Constitución Dominicana / _ceditor, Rafael González Tirado. |
| 250 | _aSegunda edición | ||
| 264 | 4 |
_aSanto Domingo, República Dominicana : _bCámara de diputados, _c©1997 |
|
| 300 |
_a162 páginas ; _c22 cm. |
||
| 336 |
_atexto _btxt _2rdacontent |
||
| 337 |
_asin mediación _bn _2rdamedia |
||
| 338 |
_avolumen _bnc _2rdacarrier |
||
| 500 | _aIncluye referencias bibliográficas y notas al pie de las páginas | ||
| 590 | _aInventariado, 2026 /LP | ||
| 610 | 2 | 0 |
_aRepública Dominicana _b Congreso Nacional _xCongresos _989429 |
| 610 | 2 | 0 |
_aPoder legislativo _zRepública Dominicana _xCongresos _989430 |
| 650 | 0 |
_aPoder legislativo _xCongresos _910141 |
|
| 700 | 1 |
_aGonzález Tirado, Rafael, _eeditor _4ed. _93030 |
|
| 910 | _aLP/Validado. Control de calidad MFF | ||
| 942 |
_2ddc _cLBS1 |
||
| 999 |
_c60613 _d60613 |
||